ՀՀ Գիտությունների ազգային ակադեմիայի հիմնարար գիտական գրադարան  =   Fundamental Scientific Library of NAS RA

Անթիլիասի տագնապին էութիւնը և սփիւռքին պատասխանատուութիւնը / (Record no. 529456)

MARC details
000 -LEADER
fixed length control field 01184nam a2200241 a 4500
003 - CONTROL NUMBER IDENTIFIER
control field AM-YeHGA
005 - DATE AND TIME OF LATEST TRANSACTION
control field 20250618080132.0
008 - FIXED-LENGTH DATA ELEMENTS--GENERAL INFORMATION
fixed length control field 240229s2024 riuc||||||||||||||0|arm|d
020 ## - INTERNATIONAL STANDARD BOOK NUMBER
International Standard Book Number 9781931834513
040 ## - CATALOGING SOURCE
Original cataloging agency AM-YeHGA
041 0# - LANGUAGE CODE
Language code of text/sound track or separate title arm
090 ## - LOCALLY ASSIGNED LC-TYPE CALL NUMBER (OCLC); LOCAL CALL NUMBER (RLIN)
-- 567891
100 1# - MAIN ENTRY--PERSONAL NAME
Personal name Տէվլէթեան, Սմբատ
245 10 - TITLE STATEMENT
Title Անթիլիասի տագնապին էութիւնը և սփիւռքին պատասխանատուութիւնը /
Statement of responsibility, etc. Մեթր Սմբատ Տէվլէթեան ; Յառաջ. եւ յաւելուած՝ դոկտ․ Վաչէ Ղազարեանի.
246 3# - VARYING FORM OF TITLE
Title proper/short title The Essence of the Crisis of Antelias and the Responsibility of the Diaspora
260 ## - PUBLICATION, DISTRIBUTION, ETC.
Place of publication, distribution, etc. Փորթսմութ, Ռոտ Այլընտ,
Name of publisher, distributor, etc. Mayreni Publishing,
Date of publication, distribution, etc. 2024․
300 ## - PHYSICAL DESCRIPTION
Extent 177 էջ ;
Other physical details դիմանկ․
500 ## - GENERAL NOTE
General note Գրքի թվային տարբերակը գրադարանին տրամադրել է Վաչե Ղազարյանը։
650 10 - SUBJECT ADDED ENTRY--TOPICAL TERM
Topical term or geographic name entry element Հայոց եկեղեցի
General subdivision Պատմություն
9 (RLIN) 5146
700 1# - ADDED ENTRY--PERSONAL NAME
Personal name Ղազարեան, Վաչէ
Relator term առաջաբ․
Relationship aui
856 41 - ELECTRONIC LOCATION AND ACCESS
Uniform Resource Identifier <a href="https://arar.sci.am/dlibra/publication/399719/edition/369918/content">https://arar.sci.am/dlibra/publication/399719/edition/369918/content</a>
Link text Կարդալ առցանց
942 ## - ADDED ENTRY ELEMENTS (KOHA)
Source of classification or shelving scheme Universal Decimal Classification
Koha item type Գրքեր / Books
Holdings
Withdrawn status Lost status Source of classification or shelving scheme Damaged status Not for loan Collection Home library Current library Date acquired Total checkouts Full call number Barcode Date last seen Price effective from Koha item type Public note
    Universal Decimal Classification     General Fundamental Scientific Library Fundamental Scientific Library 29/02/2024   AII/112019 FL0683497 29/02/2024 29/02/2024 Գրքեր / Books 30 Days Loan


ՀՀ ԳԱԱ հիմնարար գիտական գրադարան
ՀՀ,Երևան 0019
Մարշալ Բաղրամյան 24/6
հեռախոս:(374-10) 52-47-50
Հետադարձ կապ

All site content, except where otherwise noted, is licensed under a
Creative Commons License